000 00514nam a22001457a 4500
020 _a9789382264620
082 _a623.45119095491
100 _aKhan, Feroz Hassan
_968667
245 _aEating grass : the making of the Pakistani bomb
260 _aNew Delhi
_bFoundation Books
_c2013
300 _axxv, 520 p.
_bmap
_e24 cm
500 _aIncludes bibliographical references (pages 399-491) and index.
650 _a1. Nuclear weapons --Pakistan --History. 2. Pakistan --Military policy.
_9125699
942 _cCSS
_2ddc
999 _c12065
_d12065